| 000 | 00626cam a2200253ua 4500 | ||
|---|---|---|---|
| 020 | _c23.50 | ||
| 041 |
_amal _h |
||
| 082 |
_a582.16 _bCHA/MA |
||
| 100 | _aChandra, Mohan . | ||
| 245 |
_aIndiayile marangal / _cChandra Mohan. _hTextual Documents |
||
| 250 |
_a1 / _b. |
||
| 260 |
_aThiruvananthapuram : _bState Instititute of Languages , _c1975. |
||
| 300 | _a168 ; . | ||
| 365 | _a23.50 | ||
| 504 | _a | ||
| 700 | 1 | _aRadhika Rani, M A . | |
| 942 | _cBK | ||
| 999 |
_c4730 _d4730 |
||